00603nam a2200229Ia 4500008004100000020001600041100001600057245003700073245004300110260001500153260002000168260000900188300002700197300002700224300001000251650001500261650001200276650003300288650002200321650002200343700000800365160803s9999 xx 000 0 und d a0 590465147 aGoble, Paul 4aThe girl who loved wild horses / cstory and illustrations by Paul Goble. aNew York : bScholastic Inc. c1978 a32 unnumbered pages :  bcolor illustrations ;  c26 cm aHorses --  aHorses. aIndians of North America --  xJuvenile fiction. xJuvenile fiction. a670